000 00618nam a2200169Ia 4500
999 _c64432
_d64432
003 GCL
005 20240530110731.0
008 140319s9999 xx 000 0 ara d
040 _aGCL /
_cGCL
082 0 4 _a011.09 \
_bع ق
100 0 _aعايدة حنفى ذكرالله
245 1 0 _aقائمة بأوائل المطبوعات العربية المحفوظة بدار الكتب :
_bمن سنة 1862 حتى سنة 1900 /
_cاشراف عايدة حنفى ذكرالله
260 _aالقاهرة :
_bدار الكتب المصرية ،
_c2005 .
650 0 4 _aمصر
650 0 4 _aالكتب
942 _2ddc
_cBK